[Event "Mundial Juvenil 2005 s10"]
[Site "Belfort FRA"]
[Date "2005.07.19"]
[Round "1.2"]
[White "Abasov, Nijat Azad"]
[Black "Gusev, Nikita"]
[Result "1-0"]
[WhiteElo "2210"]
[BlackElo "1599"]
[PlyCount "95"]
[EventDate "2005.07.19"]
[EventType "swiss"]
[EventRounds "11"]
[EventCountry "FRA"]
[Source "lmi"]
[SourceDate "2005.07.31"]

1. c4 c5 2. Nc3 Nc6 3. g3 g6 4. Bg2 Bg7 5. b3 e6 6. Bb2 Nge7 7. Qc1 O-O 8. Ne4
d6 9. Bf6 e5 10. f4 Bxf6 11. Nxf6+ Kg7 12. Nd5 Nxd5 13. cxd5 Nd4 14. e3 Nf5 15.
fxe5 Qa5 16. Qb2 Nxe3 17. Bf3 Kg8 18. exd6 Nf5 19. Ne2 Re8 20. O-O Nxd6 21. Qf6
Qc7 22. d4 Nf5 23. Rfc1 Re3 24. Kf2 Qd7 25. Rxc5 b6 26. Rc3 Qe8 27. Rac1 Ba6
28. R1c2 Bxe2 29. Rxe2 Rxc3 30. Rxe8+ Rxe8 31. Bd1 Rd3 32. Qc6 Ree3 33. Qc8+
Kg7 34. Qc2 Nxd4 35. Qb2 Kg8 36. d6 Nf5 37. Be2 Rxd6 38. g4 Rde6 39. Bc4 R6e5
40. gxf5 b5 41. Bxb5 gxf5 42. Bc4 f4 43. Qd2 f3 44. Qxe3 Rxe3 45. Kxe3 Kg7 46.
Kxf3 Kf6 47. Kg4 Ke7 48. b4 1-0

[Event "Mundial Juvenil 2005 s10"]
[Site "Belfort FRA"]
[Date "2005.07.19"]
[Round "1.3"]
[White "Harutuniam, Tigran"]
[Black "Velpuri, Anjaneya"]
[Result "0-1"]
[WhiteElo "1599"]
[BlackElo "2157"]
[PlyCount "51"]
[EventDate "2005.07.19"]
[EventType "swiss"]
[EventRounds "11"]
[EventCountry "FRA"]
[Source "lmi"]
[SourceDate "2005.07.31"]

1. d4 e6 2. e4 g6 3. Nf3 Bg7 4. Nc3 Ne7 5. Bc4 d5 6. exd5 exd5 7. Bb5+ c6 8.
Be2 O-O 9. O-O Bg4 10. Ne5 Bxe2 11. Qxe2 Nf5 12. Qd3 c5 13. Nf3 Nxd4 14. Nxd4
cxd4 15. Nb5 Nc6 16. Rd1 a6 17. Na3 Rc8 18. Qb3 b5 19. Nb1 Na5 20. Qd3 Qc7 21.
Bd2 Nc4 22. Qb3 Rfe8 23. a4 bxa4 24. Rxa4 Nxd2 25. Rxd2 Qxc2 26. Rxa6 0-1

[Event "Mundial Juvenil 2005 s10"]
[Site "Belfort FRA"]
[Date "2005.07.19"]
[Round "1.4"]
[White "Cori, Jorge"]
[Black "Hernandez, Jairo"]
[Result "1-0"]
[WhiteElo "2080"]
[BlackElo "1599"]
[PlyCount "59"]
[EventDate "2005.07.19"]
[EventType "swiss"]
[EventRounds "11"]
[EventCountry "FRA"]
[Source "lmi"]
[SourceDate "2005.07.31"]

1. e4 e5 2. Nf3 Nc6 3. Bc4 Nf6 4. Nc3 Be7 5. d3 d6 6. Be3 Bg4 7. h3 Bh5 8. Qd2
Bg6 9. O-O Qd7 10. a3 a6 11. b4 O-O 12. Bb3 Bh5 13. Nh2 Nd4 14. Bxd4 exd4 15.
Ne2 Bxe2 16. Qxe2 Rfe8 17. f4 Bf8 18. Qf2 c5 19. Nf3 Qc6 20. Ng5 d5 21. exd5
Nxd5 22. Qh4 h6 23. Nxf7 Kxf7 24. Qh5+ Ke7 25. Bxd5 Qc7 26. Rae1+ Kd7 27. Qf5+
Kd8 28. Rxe8+ Kxe8 29. Re1+ Be7 30. Qf7+ 1-0

[Event "Mundial Juvenil 2005 s10"]
[Site "Belfort FRA"]
[Date "2005.07.19"]
[Round "1.5"]
[White "Heung, Christopher"]
[Black "Moussard, Jules"]
[Result "0-1"]
[WhiteElo "1599"]
[BlackElo "2054"]
[PlyCount "114"]
[EventDate "2005.07.19"]
[EventType "swiss"]
[EventRounds "11"]
[EventCountry "FRA"]
[Source "lmi"]
[SourceDate "2005.07.31"]

1. e4 c5 2. Nc3 Nc6 3. f4 g6 4. Nf3 Bg7 5. Bb5 Nd4 6. O-O Nxb5 7. Nxb5 Nf6 8.
d3 O-O 9. Qe1 a6 10. Nc3 e6 11. Bd2 d5 12. e5 Ne8 13. d4 b6 14. h3 f6 15. Qh4
Bd7 16. Rae1 cxd4 17. Nxd4 fxe5 18. Qxd8 Rxd8 19. fxe5 Rxf1+ 20. Kxf1 Nc7 21.
g3 a5 22. a4 Na6 23. b3 Nb4 24. Ncb5 Nc6 25. Nxc6 Bxc6 26. Nd4 Bd7 27. Bf4 h6
28. h4 Re8 29. Re3 Bf8 30. Ke2 Kg7 31. c3 Be7 32. Rf3 g5 33. hxg5 hxg5 34. Bd2
Rh8 35. Rf2 Kg6 36. Kf1 Rh1+ 37. Kg2 Rb1 38. Kh3 Rg1 39. Kh2 Rd1 40. Kh3 Bd8
41. Kg4 Be7 42. Nf3 Bc5 43. Rh2 Be7 44. Bxg5 Bxg5 45. Nxg5 Re1 46. Nf3 Re4+ 47.
Kh3 Re3 48. Rf2 Rxc3 49. Nh4+ Kg7 50. Rf3 Rc1 51. g4 Re1 52. g5 Rxe5 53. g6 Be8
54. Rc3 Kh6 55. Rf3 Rg5 56. Rf6 Kg7 57. Rxe6 Bd7 0-1

[Event "Mundial Juvenil 2005 s10"]
[Site "Belfort FRA"]
[Date "2005.07.19"]
[Round "1.6"]
[White "Bukavshin, Ivan"]
[Black "Inigo, Aquino"]
[Result "1-0"]
[WhiteElo "2029"]
[BlackElo "1599"]
[PlyCount "65"]
[EventDate "2005.07.19"]
[EventType "swiss"]
[EventRounds "11"]
[EventCountry "FRA"]
[Source "lmi"]
[SourceDate "2005.07.31"]

1. e4 e6 2. d4 d5 3. Nc3 Bb4 4. e5 c5 5. a3 Bxc3+ 6. bxc3 Qa5 7. Bd2 Qa4 8. Nf3
b6 9. Be3 Nd7 10. g3 Ne7 11. Bh3 Ba6 12. Nh4 O-O 13. f4 Qc4 14. Qd2 cxd4 15.
cxd4 Rac8 16. f5 exf5 17. Nxf5 Nxf5 18. Bxf5 Bb5 19. Kf2 g6 20. Bh6 Rfe8 21.
Rab1 Kh8 22. Rb4 Qc6 23. Bg4 Rc7 24. Rc1 a6 25. Bf3 Nf8 26. c4 a5 27. Rxb5 Qd7
28. Rxd5 Qf5 29. g4 Qe6 30. Rd6 Qc8 31. Qf4 Re6 32. Bxf8 Rxc4 33. Qxf7 1-0

[Event "Mundial Juvenil 2005 s10"]
[Site "Belfort FRA"]
[Date "2005.07.19"]
[Round "1.9"]
[White "Kafetzis, Georgies"]
[Black "Sanchez Ibern, Marc"]
[Result "0-1"]
[WhiteElo "1599"]
[BlackElo "1914"]
[PlyCount "96"]
[EventDate "2005.07.19"]
[EventType "swiss"]
[EventRounds "11"]
[EventCountry "FRA"]
[Source "lmi"]
[SourceDate "2005.07.31"]

1. e4 e6 2. d4 d5 3. Nd2 Nf6 4. e5 Nfd7 5. Bd3 c5 6. c3 Nc6 7. Ne2 Qb6 8. Nf3
Be7 9. O-O O-O 10. Nf4 Kh8 11. Bc2 cxd4 12. cxd4 Nb4 13. Bb3 Qa6 14. a3 Nc6 15.
Bc2 b6 16. Re1 Re8 17. Bd3 Qb7 18. Bd2 Nf8 19. Rc1 Bd7 20. Nh3 Rec8 21. Qe2 a6
22. Bc3 b5 23. Nfg5 Be8 24. Qf3 Kg8 25. Qg4 b4 26. axb4 Nxb4 27. Bb1 a5 28. Nf4
Bxg5 29. Qxg5 Ng6 30. Nxg6 fxg6 31. Re3 Bb5 32. Rh3 Qf7 33. Qh4 h6 34. f4 Rf8
35. Rf3 Be2 36. Rf2 Nd3 37. Bxd3 Bxd3 38. Ra1 a4 39. Qg3 Be4 40. Qe3 Qb7 41.
Rff1 Rfc8 42. Ra3 Qb5 43. Rfa1 Qc4 44. Qd2 Rcb8 45. Ba5 Rxa5 46. Qxa5 Rxb2 47.
Rg3 Qxd4+ 48. Kh1 Rxg2 0-1

[Event "Mundial Juvenil 2005 s10"]
[Site "Belfort FRA"]
[Date "2005.07.19"]
[Round "1.10"]
[White "Tallo Dominguez, Imar"]
[Black "Kaminski, Thomas"]
[Result "1/2-1/2"]
[WhiteElo "1912"]
[BlackElo "1599"]
[PlyCount "91"]
[EventDate "2005.07.19"]
[EventType "swiss"]
[EventRounds "11"]
[EventCountry "FRA"]
[Source "lmi"]
[SourceDate "2005.07.31"]

1. e4 d5 2. exd5 Qxd5 3. Nc3 Qa5 4. Bc4 Nf6 5. d3 c6 6. a3 Bf5 7. Bd2 Qc7 8.
Nge2 Nbd7 9. h3 e6 10. Ng3 Bg6 11. O-O O-O-O 12. b4 Bd6 13. Nge2 Nb6 14. Ba2
Nbd5 15. Rb1 Nxc3 16. Nxc3 b5 17. a4 a6 18. axb5 axb5 19. Ne2 Kb7 20. Rb3 Ra8
21. Bb1 Rhd8 22. c4 Be5 23. f4 Bd4+ 24. Nxd4 Rxd4 25. Qe2 Qd8 26. Be3 Rd7 27.
cxb5 cxb5 28. Qf3+ Nd5 29. Rc1 Kb8 30. Bc5 Qf6 31. g3 Ra1 32. d4 Bxb1 33. Rcxb1
Rxb1+ 34. Rxb1 Qf5 35. Ra1 Qc2 36. Qa3 Nc7 37. Qa7+ Kc8 38. Qb6 Qc3 39. Ra8+
Nxa8 40. Qa6+ Kb8 41. Qxb5+ Kc7 42. Qa5+ Kb8 43. Qb5+ Kc7 44. Qa5+ Kb8 45. Qb5+
Kc7 46. Qa5+ 1/2-1/2

[Event "Mundial Juvenil 2005 s10"]
[Site "Belfort FRA"]
[Date "2005.07.19"]
[Round "1.11"]
[White "Kandanathan, Sudharsan Surya"]
[Black "Nyizsnyik, Bence"]
[Result "0-1"]
[WhiteElo "1599"]
[BlackElo "1874"]
[PlyCount "115"]
[EventDate "2005.07.19"]
[EventType "swiss"]
[EventRounds "11"]
[EventCountry "FRA"]
[Source "lmi"]
[SourceDate "2005.07.31"]

1. e4 e5 2. Nf3 Nc6 3. Bc4 Bc5 4. c3 Nf6 5. d4 exd4 6. cxd4 Bb4+ 7. Nc3 Nxe4 8.
O-O Bxc3 9. bxc3 d5 10. Bb3 O-O 11. Ba3 Re8 12. Re1 Bf5 13. Re3 Na5 14. Bb4
Nxb3 15. axb3 c6 16. Ne5 f6 17. Qf3 Qc8 18. Nd3 Bg4 19. Qf4 g5 20. Qxg4 Qxg4
21. f3 Qf5 22. fxe4 Rxe4 23. Rf3 Qg6 24. Raf1 Kg7 25. Nc5 Re7 26. Nd3 Rf7 27.
Nc5 Re8 28. Nd3 b6 29. Ne5 fxe5 30. Rxf7+ Qxf7 31. Rxf7+ Kxf7 32. Kf2 a5 33.
Bd6 exd4 34. cxd4 Re4 35. Bc7 Rxd4 36. Bxb6 Rb4 37. Bxa5 Rxb3 38. Bd8 g4 39.
Bg5 c5 40. Ke2 c4 41. Kd1 Rb2 42. Bd2 Rxd2+ 43. Kxd2 d4 44. h4 gxh3 45. gxh3
c3+ 46. Kc2 Ke6 47. Kd3 Kd5 48. Kc2 Kc4 49. Kc1 d3 50. h4 h5 51. Kb1 Kb3 52.
Kc1 d2+ 53. Kd1 c2+ 54. Kxd2 Kb2 55. Ke3 c1=Q+ 56. Ke4 Qe1+ 57. Kf5 Qxh4 58.
Ke5 0-1

[Event "Mundial Juvenil 2005 s10"]
[Site "Belfort FRA"]
[Date "2005.07.19"]
[Round "1.12"]
[White "Fernandez, Daniel Howard"]
[Black "Karnati, Harsh"]
[Result "0-1"]
[WhiteElo "1871"]
[BlackElo "1599"]
[PlyCount "118"]
[EventDate "2005.07.19"]
[EventType "swiss"]
[EventRounds "11"]
[EventCountry "FRA"]
[Source "lmi"]
[SourceDate "2005.07.31"]

1. e4 e6 2. d4 d5 3. e5 c5 4. c3 Qb6 5. a3 Bd7 6. b4 cxd4 7. cxd4 Bb5 8. Nc3
Bxf1 9. Kxf1 Nc6 10. Nf3 Rc8 11. Bb2 Nh6 12. Qd3 a5 13. b5 Na7 14. g3 Rc4 15.
a4 Bb4 16. Ne2 Kd7 17. Kg2 Nf5 18. Nd2 Rc7 19. Rac1 Rhc8 20. Rxc7+ Rxc7 21. Rc1
Nc8 22. g4 Nh4+ 23. Kg3 Ng6 24. Nc3 Qa7 25. Na2 Rxc1 26. Bxc1 Nb6 27. Qc2 f6
28. f4 fxe5 29. fxe5 Bxd2 30. Bxd2 Nc4 31. Qd3 Qb8 32. Bc3 Qf8 33. Bd2 b6 34.
Bg5 Qa3 35. Qxa3 Nxa3 36. Nc1 Nb1 37. Ne2 Na3 38. h4 Ne7 39. h5 Nc4 40. Bc1 Ke8
41. Nf4 Kf7 42. Kh4 h6 43. g5 Nf5+ 44. Kg4 Nxd4 45. Nd3 Ne2 46. gxh6 gxh6 47.
Bxh6 Nc3 48. Bf4 Nxa4 49. Kg5 Nc3 50. h6 a4 51. h7 Kg7 52. h8=Q+ Kxh8 53. Kf6
a3 54. Nb4 Ne2 55. Bh2 d4 56. Kxe6 d3 57. Nxd3 a2 58. Kd5 a1=Q 59. Kxc4 Qd4+
0-1

[Event "Mundial Juvenil 2005 s10"]
[Site "Belfort FRA"]
[Date "2005.07.19"]
[Round "1.13"]
[White "Karp, Justin"]
[Black "Dragun, Kamil"]
[Result "0-1"]
[WhiteElo "1599"]
[BlackElo "1844"]
[PlyCount "140"]
[EventDate "2005.07.19"]
[EventType "swiss"]
[EventRounds "11"]
[EventCountry "FRA"]
[Source "lmi"]
[SourceDate "2005.07.31"]

1. e4 c5 2. c3 d5 3. exd5 Qxd5 4. d4 e6 5. Nf3 Nc6 6. Be3 cxd4 7. cxd4 Nf6 8.
Nc3 Qd8 9. Bd3 Be7 10. a3 O-O 11. h3 b6 12. Bc2 a5 13. Qd3 Ba6 14. Qd2 b5 15.
Bd3 b4 16. axb4 Bxd3 17. Qxd3 Bxb4 18. O-O e5 19. Rfd1 Bxc3 20. Qxc3 e4 21. Ne5
Nb4 22. Nc6 Nxc6 23. Qxc6 Qd5 24. Qa4 Nd7 25. Rdc1 Nb6 26. Qa2 Qd7 27. Rc5 a4
28. Re5 Rfe8 29. Rxe8+ Rxe8 30. Rd1 Qd5 31. Qxd5 Nxd5 32. Rc1 f5 33. Rc5 Rd8
34. g3 g6 35. Ra5 Nb6 36. Ra6 Rb8 37. Kf1 Nc4 38. Rxa4 Nxb2 39. Ra1 Nd3 40. Rd1
Kf7 41. Ke2 Rb2+ 42. Rd2 Rb5 43. Rd1 Rb7 44. f3 Rb2+ 45. Rd2 Rxd2+ 46. Bxd2 Ke6
47. Ke3 Kd5 48. f4 Nb2 49. Bc3 Nc4+ 50. Ke2 Na3 51. Kd2 Nb5 52. Bb2 Nxd4 53.
Ke3 Nb5 54. g4 Nd6 55. Bc1 Nc4+ 56. Ke2 Kd4 57. Kf2 Kd3 58. Kg3 Kc2 59. gxf5
gxf5 60. Kh4 Kxc1 61. Kg5 e3 62. Kxf5 e2 63. Kg5 e1=Q 64. f5 Qg3+ 65. Kf6 Qe5+
66. Kg5 h6+ 67. Kg4 Ne3+ 68. Kf3 Qxf5+ 69. Kxe3 Qe5+ 70. Kf2 Qc3 0-1

[Event "Mundial Juvenil 2005 s10"]
[Site "Belfort FRA"]
[Date "2005.07.19"]
[Round "1.14"]
[White "Khosla, Shiven"]
[Black "Kohi, Arman"]
[Result "1-0"]
[WhiteElo "1832"]
[BlackElo "1599"]
[PlyCount "75"]
[EventDate "2005.07.19"]
[EventType "swiss"]
[EventRounds "11"]
[EventCountry "FRA"]
[Source "lmi"]
[SourceDate "2005.07.31"]

1. e4 e6 2. d4 d5 3. Nd2 Nf6 4. e5 Nfd7 5. f4 c5 6. c3 Nc6 7. Ndf3 f6 8. Bd3 f5
9. Be3 Qb6 10. Rb1 Be7 11. Nh3 h6 12. O-O O-O 13. Qe1 Kh7 14. Qg3 c4 15. Bc2
Qd8 16. b3 b5 17. a4 a6 18. b4 Qe8 19. Kh1 Qg6 20. Qf2 Qf7 21. Rg1 Qg6 22. g4
Qf7 23. gxf5 exf5 24. Qg3 Rg8 25. Nh4 Bxh4 26. Qxh4 Ne7 27. Ng5+ Kg6 28. Nxf7+
Kxf7 29. axb5 axb5 30. Ra1 Bb7 31. Rae1 Ra2 32. e6+ Ke8 33. exd7+ Kxd7 34. Bc1
Re8 35. Rxg7 Rxc2 36. Rexe7+ Rxe7 37. Qxe7+ Kc8 38. Qc7# 1-0

[Event "Mundial Juvenil 2005 s10"]
[Site "Belfort FRA"]
[Date "2005.07.19"]
[Round "1.16"]
[White "Rishi, Thariani"]
[Black "Lamard, Guillaume"]
[Result "1-0"]
[WhiteElo "1785"]
[BlackElo "1599"]
[PlyCount "35"]
[EventDate "2005.07.19"]
[EventType "swiss"]
[EventRounds "11"]
[EventCountry "FRA"]
[Source "lmi"]
[SourceDate "2005.07.31"]

1. e4 c6 2. d4 d5 3. exd5 cxd5 4. c4 dxc4 5. Bxc4 Nc6 6. Nf3 Bg4 7. d5 Bxf3 8.
Qxf3 Ne5 9. Bb5+ Nd7 10. O-O a6 11. Ba4 b5 12. Bb3 Qb6 13. d6 e6 14. Qxa8+ Nb8
15. d7+ Kd8 16. Be3 Qd6 17. Rd1 Qe5 18. Bb6+ 1-0

[Event "Mundial Juvenil 2005 s10"]
[Site "Belfort FRA"]
[Date "2005.07.19"]
[Round "1.17"]
[White "Lapidus, Mark"]
[Black "Vasile, Claudiu Daniel"]
[Result "0-1"]
[WhiteElo "1599"]
[BlackElo "1694"]
[PlyCount "84"]
[EventDate "2005.07.19"]
[EventType "swiss"]
[EventRounds "11"]
[EventCountry "FRA"]
[Source "lmi"]
[SourceDate "2005.07.31"]

1. e4 e5 2. Nf3 Nf6 3. Nc3 Nc6 4. Bb5 d6 5. d3 Bd7 6. O-O Be7 7. Be3 a6 8. Bc4
O-O 9. Nd5 Na5 10. Nxe7+ Qxe7 11. Bb3 Nxb3 12. axb3 Bg4 13. h3 Bh5 14. Re1 Nd7
15. b4 Bg6 16. c3 h6 17. Nd2 f5 18. exf5 Bxf5 19. Ne4 Nf6 20. Nxf6+ Rxf6 21. d4
e4 22. Kh2 d5 23. b5 Qd6+ 24. Kh1 a5 25. b4 Qd7 26. g4 Bg6 27. Qe2 Rf3 28. Kh2
h5 29. Rg1 Qd6+ 30. Kg2 Bf7 31. Rxa5 Rf8 32. Raa1 Be6 33. Kf1 Qh2 34. Qd2 Qxh3+
35. Ke1 hxg4 36. Qe2 Qh2 37. Kd2 Rxf2 38. Bxf2 Rxf2 39. Rge1 Rxe2+ 40. Rxe2
Qf4+ 41. Kc2 Qf3 42. Kd2 Qd3+ 0-1

[Event "Mundial Juvenil 2005 s10"]
[Site "Belfort FRA"]
[Date "2005.07.19"]
[Round "1.18"]
[White "Fiora, Emilio"]
[Black "Laurusas, Tomas"]
[Result "1/2-1/2"]
[WhiteElo "1624"]
[BlackElo "1599"]
[PlyCount "156"]
[EventDate "2005.07.19"]
[EventType "swiss"]
[EventRounds "11"]
[EventCountry "FRA"]
[Source "lmi"]
[SourceDate "2005.07.31"]

1. e4 c6 2. Nf3 d5 3. exd5 cxd5 4. d4 Nc6 5. Bd3 Bg4 6. c3 e6 7. Bf4 Nf6 8.
Nbd2 Be7 9. Qb3 Qd7 10. Ne5 Nxe5 11. dxe5 O-O 12. exf6 Bxf6 13. Nf3 e5 14. Nxe5
Bxe5 15. Bxe5 Qe6 16. O-O Qxe5 17. Rfe1 Qd6 18. Re3 Be6 19. Qc2 g6 20. Rae1
Rac8 21. Qb3 b6 22. Bf1 Kg7 23. Qa4 Rc7 24. Qd4+ Kg8 25. Qf6 Qd8 26. Qe5 Re8
27. g3 f6 28. Qf4 g5 29. Qa4 Kf7 30. Qc2 Qc8 31. Qxh7+ Kf8 32. Qh6+ Kf7 33.
Rxe6 Rxe6 34. Rxe6 Qxe6 35. Qh7+ Kf8 36. Qxc7 a5 37. Qd8+ Kg7 38. h3 Kf7 39.
Bg2 Qe1+ 40. Kh2 Qxf2 41. Qxd5+ Kg7 42. Qd7+ Kg6 43. Qe8+ Kg7 44. Kh1 Qf5 45.
Qe7+ Kh6 46. Qf8+ Kh7 47. Qf7+ Kh8 48. Qe8+ Kg7 49. Qe7+ Kh8 50. g4 Qf4 51.
Qf8+ Kh7 52. Qf7+ Kh8 53. Qe8+ Kg7 54. Qe4 Qc1+ 55. Kh2 Qxb2 56. Qe7+ Kg6 57.
Qe8+ Kg7 58. Qd7+ Kf8 59. Qc8+ Kg7 60. Kg3 Qc1 61. Qd7+ Kh6 62. Qd4 Qe1+ 63.
Kh2 Qe6 64. Qf2 b5 65. h4 b4 66. c4 Qe5+ 67. Kh3 a4 68. hxg5+ Qxg5 69. Qb6 b3
70. axb3 a3 71. Qa7 Qc1 72. Qa4 Kg7 73. Qd7+ Kh6 74. Qe7 Qc3+ 75. Kh4 Qe5 76.
Qf8+ Kg6 77. Qg8+ Kh6 78. Qf8+ Kg6 1/2-1/2

[Event "Mundial Juvenil 2005 s10"]
[Site "Belfort FRA"]
[Date "2005.07.19"]
[Round "1.19"]
[White "Loiseau, Quentin"]
[Black "Abdel Sattar, Ahmed-Magdy"]
[Result "1-0"]
[WhiteElo "1599"]
[BlackElo "1599"]
[PlyCount "101"]
[EventDate "2005.07.19"]
[EventType "swiss"]
[EventRounds "11"]
[EventCountry "FRA"]
[Source "lmi"]
[SourceDate "2005.07.31"]

1. e4 d5 2. exd5 Qxd5 3. Nc3 Qa5 4. d4 Nf6 5. Bd2 Bf5 6. Bc4 c6 7. Nd5 Qd8 8.
Nxf6+ exf6 9. Ne2 Bd6 10. O-O O-O 11. c3 Nd7 12. Bf4 Nb6 13. Bd3 Bxd3 14. Qxd3
Re8 15. Bxd6 Qxd6 16. Ng3 c5 17. Ne4 Qd5 18. Nxc5 Rac8 19. Nb3 Nc4 20. Qc2 Qh5
21. Rfe1 b6 22. Nd2 Re2 23. Qd3 Rxe1+ 24. Rxe1 Nxb2 25. Qc2 Qb5 26. Rb1 Qd3 27.
Rxb2 Rxc3 28. Qxd3 Rxd3 29. Rc2 g6 30. Kf1 Rxd4 31. Nb3 Rd1+ 32. Ke2 Rh1 33. h3
Rg1 34. g3 Rh1 35. h4 g5 36. Rc1 Rxc1 37. Nxc1 Kf8 38. h5 Kg7 39. g4 f5 40. Kf3
Kf6 41. Nd3 h6 42. Kg3 fxg4 43. Kxg4 Ke6 44. f4 f5+ 45. Kg3 g4 46. Ne5 Kf6 47.
Nc6 a5 48. a4 Ke6 49. Nd4+ Kf6 50. Kh4 Kf7 51. Nxf5 1-0

[Event "Mundial Juvenil 2005 s10"]
[Site "Belfort FRA"]
[Date "2005.07.19"]
[Round "1.20"]
[White "Afonso, Nuno"]
[Black "Ly, Daniel"]
[Result "1/2-1/2"]
[WhiteElo "1599"]
[BlackElo "1599"]
[PlyCount "147"]
[EventDate "2005.07.19"]
[EventType "swiss"]
[EventRounds "11"]
[EventCountry "FRA"]
[Source "lmi"]
[SourceDate "2005.07.31"]

1. d4 d5 2. c4 e6 3. e3 c5 4. Nc3 Nc6 5. cxd5 exd5 6. Nf3 Bg4 7. Be2 Nf6 8. O-O
Bd6 9. dxc5 Bxc5 10. Qc2 Qd6 11. Rd1 Rd8 12. Nd4 Nxd4 13. exd4 Bb6 14. Bxg4
Nxg4 15. Qe2+ Qe6 16. Qb5+ Rd7 17. Bd2 O-O 18. Re1 Qd6 19. g3 Bxd4 20. Be3 Bxe3
21. fxe3 Re8 22. Qd3 Ne5 23. Qf5 Qe6 24. Qxe6 Rxe6 25. Rf1 Nc4 26. Rac1 Nxe3
27. Nxd5 h6 28. Nxe3 Rxe3 29. Rc8+ Kh7 30. Ra8 a6 31. Rf8 f6 32. Rc8 Re2 33.
Rb1 Rdd2 34. Rc3 Rxb2 35. Rxb2 Rxb2 36. a3 Ra2 37. Rb3 b5 38. Re3 a5 39. Rd3 b4
40. axb4 axb4 41. Rb3 Ra4 42. Rb2 f5 43. Kg2 g5 44. h3 h5 45. h4 gxh4 46. gxh4
Kg6 47. Rb3 f4 48. Rb2 Kf5 49. Kf3 Ra3+ 50. Kf2 b3 51. Kf3 Ke5 52. Rb1 b2+ 53.
Ke2 Rb3 54. Kd2 f3 55. Ke1 Ke4 56. Kf2 Kf4 57. Kf1 Kg3 58. Kg1 f2+ 59. Kf1 Kf3
60. Rxb2 Re3 61. Rxf2+ Kg3 62. Rg2+ Kxh4 63. Rh2+ Kg4 64. Kg2 Re2+ 65. Kg1 Re3
66. Rg2+ Kf4 67. Rf2+ Kg5 68. Rg2+ Kh6 69. Kh2 h4 70. Ra2 Kg5 71. Kg2 h3+ 72.
Kh2 Kf4 73. Ra4+ Ke5 74. Rh4 1/2-1/2

[Event "Mundial Juvenil 2005 s10"]
[Site "Belfort FRA"]
[Date "2005.07.20"]
[Round "2.1"]
[White "Qu, Ziyuan"]
[Black "Drnovsek, Gal"]
[Result "1-0"]
[WhiteElo "2242"]
[BlackElo "1599"]
[PlyCount "121"]
[EventDate "2005.07.19"]
[EventType "swiss"]
[EventRounds "11"]
[EventCountry "FRA"]
[Source "lmi"]
[SourceDate "2005.07.31"]

1. e4 e5 2. Nf3 Nc6 3. Bb5 a6 4. Ba4 Nf6 5. O-O b5 6. Bb3 Be7 7. Re1 O-O 8. h3
Bb7 9. d3 h6 10. Nbd2 Re8 11. Nf1 Bf8 12. a3 d5 13. exd5 Nxd5 14. Bd2 Qd6 15.
Ng3 Nd4 16. Nxd4 exd4 17. Qf3 Rxe1+ 18. Rxe1 Rb8 19. Nf5 Qc5 20. Qg4 Kh7 21.
Qxd4 Qxd4 22. Nxd4 Bc5 23. Nf5 f6 24. d4 Bb6 25. c3 c5 26. Ne3 Nxe3 27. Bxe3 c4
28. Bc2+ Kg8 29. Bf4 Rc8 30. Bf5 Rd8 31. Re7 Bc8 32. Bxc8 Rxc8 33. Re6 Bd8 34.
Rxa6 g5 35. Bg3 h5 36. h4 g4 37. Bf4 Kf8 38. Rd6 Kf7 39. Rd5 Kg6 40. Rc5 Rxc5
41. dxc5 Kf5 42. g3 Ke6 43. c6 Bb6 44. Kf1 Bc5 45. Ke2 Bb6 46. f3 gxf3+ 47.
Kxf3 f5 48. Bb8 Bg1 49. Kf4 Bf2 50. Kg5 Be3+ 51. Bf4 Bxf4+ 52. gxf4 Kd6 53.
Kxf5 Kxc6 54. Ke6 Kc5 55. f5 Kc6 56. f6 Kc5 57. f7 Kc6 58. f8=Q Kb6 59. Qd6+
Ka5 60. Kd5 Ka4 61. Ke4 1-0

[Event "Mundial Juvenil 2005 s10"]
[Site "Belfort FRA"]
[Date "2005.07.20"]
[Round "2.2"]
[White "Emiroglu, Cankut"]
[Black "Abasov, Nijat Azad"]
[Result "1-0"]
[WhiteElo "1599"]
[BlackElo "2210"]
[PlyCount "161"]
[EventDate "2005.07.19"]
[EventType "swiss"]
[EventRounds "11"]
[EventCountry "FRA"]
[Source "lmi"]
[SourceDate "2005.07.31"]

1. e4 c5 2. Nf3 Nc6 3. Bb5 g6 4. O-O Bg7 5. Re1 e5 6. Nc3 Nge7 7. d3 O-O 8. Bg5
h6 9. Be3 Nd4 10. Bc4 d6 11. Nd2 Kh7 12. Bxd4 cxd4 13. Nd5 f5 14. f3 f4 15. c3
Nc6 16. Qe2 g5 17. h3 h5 18. Nf1 Kg6 19. Nh2 Bd7 20. Red1 Rc8 21. Bb3 b5 22. c4
Na5 23. cxb5 Bxb5 24. Qd2 Nxb3 25. axb3 a6 26. Kf2 Rf7 27. Ke2 Bh6 28. Qa5 Rc2+
29. Rd2 Qc8 30. Nb6 Qc5 31. Nc4 Rxd2+ 32. Kxd2 Rb7 33. Kc2 Rc7 34. Qa3 Qc6 35.
Kd1 Bf8 36. Rc1 Kg7 37. Qa5 Be7 38. Nf1 Kf8 39. Ke2 Bd8 40. Qb4 Qc5 41. Qa3 Ke7
42. b4 Qa7 43. b3 Qb8 44. Nfd2 Kd7 45. Na5 Rxc1 46. Qxc1 Bxa5 47. bxa5 Qd8 48.
Qa3 g4 49. hxg4 hxg4 50. Nc4 gxf3+ 51. Kxf3 Bxc4 52. bxc4 Qh4 53. Ke2 Qg3 54.
Kf1 Ke6 55. c5 dxc5 56. Qb3+ Kf6 57. Qb6+ Kg5 58. Qd8+ Kg6 59. Qd6+ Kh7 60.
Qxa6 f3 61. gxf3 Qxf3+ 62. Ke1 Qe3+ 63. Kd1 Qg1+ 64. Kc2 Qg2+ 65. Kb3 Qg8+ 66.
Qc4 Qb8+ 67. Ka4 Qd6 68. a6 Kh6 69. Qb5 Qf8 70. Qb6+ Kg5 71. a7 Qf7 72. Qd8+
Kf4 73. a8=Q Ke3 74. Kb5 Kxd3 75. Ka6 c4 76. Kb5 c3 77. Kb4 Qb3+ 78. Kxb3 Ke3
79. Kc2 Kf2 80. Qxd4+ Ke2 81. Qd1+ 1-0

[Event "Mundial Juvenil 2005 s10"]
[Site "Belfort FRA"]
[Date "2005.07.20"]
[Round "2.3"]
[White "Karnati, Harsh"]
[Black "Cori, Jorge"]
[Result "0-1"]
[WhiteElo "1599"]
[BlackElo "2080"]
[PlyCount "102"]
[EventDate "2005.07.19"]
[EventType "swiss"]
[EventRounds "11"]
[EventCountry "FRA"]
[Source "lmi"]
[SourceDate "2005.07.31"]

1. d4 Nf6 2. c4 g6 3. Nc3 Bg7 4. e4 d6 5. Bd3 O-O 6. Nge2 e5 7. d5 Ne8 8. f3 f5
9. Be3 Nd7 10. O-O f4 11. Bf2 h5 12. b4 Rf7 13. Qb3 Bf8 14. Rfc1 g5 15. Kf1 g4
16. Ke1 Bh6 17. Rcb1 Qg5 18. h4 Qd8 19. c5 g3 20. Bg1 Qxh4 21. c6 Ndf6 22. a4
b6 23. a5 Rb8 24. axb6 axb6 25. Ba6 Qh1 26. Bxc8 Rxc8 27. Kf1 h4 28. Rb2 h3 29.
Ke1 Qxg2 30. Nxg3 Qxg3+ 31. Ke2 Qg2+ 32. Bf2 h2 33. Rbb1 Ng4 34. fxg4 f3+ 35.
Kd3 Qxf2 36. Rf1 Qd4+ 37. Kc2 Qd2+ 38. Kb1 f2 39. Qc4 Rf3 40. Ra3 Qe1+ 41. Ka2
h1=Q 42. Rxh1 Qxh1 43. Nb1 Rxa3+ 44. Nxa3 f1=Q 45. Qxf1 Qxf1 46. Kb3 Qd3+ 47.
Kb2 Ra8 48. Nc2 Bc1+ 49. Kxc1 Ra2 50. Na1 Qd2+ 51. Kb1 Rb2# 0-1

[Event "Mundial Juvenil 2005 s10"]
[Site "Belfort FRA"]
[Date "2005.07.20"]
[Round "2.4"]
[White "Moussard, Jules"]
[Black "Eng, Andre Jerome"]
[Result "0-1"]
[WhiteElo "2054"]
[BlackElo "1599"]
[PlyCount "76"]
[EventDate "2005.07.19"]
[EventType "swiss"]
[EventRounds "11"]
[EventCountry "FRA"]
[Source "lmi"]
[SourceDate "2005.07.31"]

1. e4 c5 2. Nf3 e6 3. d4 cxd4 4. Nxd4 a6 5. c4 Nf6 6. Nc3 Bb4 7. Qc2 Nc6 8.
Nxc6 dxc6 9. Bd3 e5 10. O-O O-O 11. a3 Bc5 12. b4 Bd4 13. Rb1 Be6 14. c5 Qd7
15. Ne2 Rfd8 16. Rd1 Ng4 17. Nxd4 exd4 18. f4 f6 19. h3 Nh6 20. f5 Bf7 21. Bxh6
gxh6 22. Qd2 Kg7 23. Qf4 Qe7 24. Qg4+ Kh8 25. Qh4 Qe5 26. Rf1 Rg8 27. Qxh6 Qg3
28. Qd2 Qxh3 29. Rbe1 Rxg2+ 30. Qxg2 Rg8 31. Qxg8+ Bxg8 32. Bc2 Qg3+ 33. Kh1
Bc4 34. a4 d3 35. Bd1 d2 36. Re2 Bxe2 37. Bxe2 Qe1 38. Kg1 Qxe2 0-1